| 000 | 00374nam a2200133Ia 4500 | ||
|---|---|---|---|
| 008 | 220216s9999 xx 000 0 und d | ||
| 100 | _aRoland C M | ||
| 245 | 0 | _aRecovery of shear-modified polybutadiene solutions | |
| 260 |
_bRubber Chemistry and Technology _c2006 |
||
| 300 | _a267-280 | ||
| 650 | _aShear-modified polybutadiene | ||
| 700 | _aRobertson C G | ||
| 942 | _cJS | ||
| 999 |
_c66548 _d66548 |
||